000 002980000a22000970004500
100 1 _aKessler, John
245 1 0 _a'T (le temps) en Aggée 1:2-4 : Conflict théologique ou "sagesse mondaine"?
300 _aVol. 48, Num. 4 (Octubre, 1998), Páginas 555-559
773 0 _tVetus Testamentum
942 _cANA
999 _c58237
_d58237